O diário da princesa / (Record no. 84)

MARC details
000 -LÍDER
campo de controle de tamanho fixo 02987nam a2200361 4500
001 - NÚMERO DE CONTROLE
campo de controle 84
003 - IDENTIFICADOR DO NÚMERO DE CONTROLE
campo de controle OSt
005 - DATA E HORÁRIO DA ÚLTIMA TRANSAÇÃO
campo de controle 20250528074011.0
008 - CAMPO DE DADOS FIXOS--INFORMAÇÃO GERAL
campo de controle de tamanho fixo 250123b |||||||d |||| 00| 1 eng d
020 ## - ISBN - INTERNATIONAL STANDARD BOOK NUMBER
ISBN - International Standard Book Number 850162901
040 ## - FONTE DA CATALOGAÇÃO
Idioma da catalogação por
041 ## - CÓDIGO DE IDIOMA
Código do idioma do original e/ou traduções intermediárias do texto eng
Código do idioma do texto/trilha sonora ou título diferente por
082 ## - CDD - CLASSIFICAÇÃO DECIMAL DE DEWEY
Número de Classificação 028.5
Número do exemplar C116d
100 1# - ENTRADA PRINCIPAL--NOME PESSOAL
Nome pessoal Cabot, Meg,
Datas associadas ao nome 1967-
9 (RLIN) 199
240 ## - TÍTULO UNIFORME
Título uniforme The Princess Diaries
245 ## - TÍTULO
Título O diário da princesa /
Indicação de responsabilidade, etc. Cabot, Meg ; Tradução de Ruy Jungmann
250 ## - EDIÇÃO
Declaração de edição 14° edição
260 ## - PUBLICAÇÃO, DISTRIBUIÇÃO, ETC.
Local de publicação, distribuição, etc. Rio de Janeiro
Nome do editor, distribuidor, etc. Record
Data da publicação, distribuição, etc. 2004
300 ## - DESCRIÇÃO FÍSICA
Extensão 284 p.
490 1# - TÍTULO DA SÉRIE
Título da série O diário da Princesa
Número do volume ou designação sequencial da série Livro 01
500 ## - NOTA GERAL
Nota geral O diário da princesa
520 ## - NOTA DE RESUMO, ETC.
Resumo, etc. Adaptado para o cinema pelos Estúdios Disney, O diário da princesa, de Meg Cabot, é a história de Mia Thermopolis — uma típica adolescente americana que recebe uma notícia que vira sua vida de ponta cabeça.<br/><br/>Mia sabe que é fruto de um caso que sua mãe teve há muitos anos e só vê o pai nas férias e no Natal. Até que um dia ele descobre que não pode mais ter filhos. Nada surpreendente se não fosse por um detalhe: Mia descobre que seu pai é um príncipe. Ou seja, de uma hora para outra a jovem é a única herdeira do trono da Genovia. Sendo uma princesa e na verdade se chamando Amelia Mignonette Grimaldi Thermopolis Renaldo, a vida de Mia muda completamente. Ela passa a ser abordada por paparazzis que invadem seu colégio para fotografá-la e como num passe de mágica ela é popular. Mas, ainda longe de ser uma Cinderela, a jovem se vê obrigada a deixar sua cidade, seu colégio e ainda por cima, ter aulas de boas maneiras com sua avó, uma européia tradicional. Se o sonho de muitas meninas da idade de Mia é ser uma princesa, para ela isso pode virar um verdadeiro pesadelo.O diário da princesa são lembranças de qualquer adolescente da idade de Mia. Ela vive em Nova York, em Greenwich Village, com a mãe, uma pintora de sucesso que de uma hora para outra começa a namorar seu professor de álgebra — um verdadeiro mico perante a turma. Mia é desajeitada, tem os pés enormes e diferente da maioria das amigas parece uma tábua de passar roupas. Sua melhor amiga, Lilly, é feiosa e comanda um programa de televisão no canal do colégio. Os sonhos mais quentes de seu diário se resumem em beijar Josh Richter — o garoto mais popular do colégio. A heroína de O diário da princesa irá conquistar os corações de todas as adolescentes ao redor do mundo que um dia sonharam em usar uma coroa cravejada de brilhantes.<br/><br/>O livro de Meg Cabot é delicioso e divertido, repleto de referências a cultura pop americana. Para jovens, será como ler o diário de uma grande amiga.
650 #0 - ASSUNTO--TERMO TÓPICO
Cabeçalho tópico ou nome geográfico Literatura Americana
9 (RLIN) 84
650 #0 - ASSUNTO--TERMO TÓPICO
Cabeçalho tópico ou nome geográfico Humor
9 (RLIN) 60
650 #0 - ASSUNTO--TERMO TÓPICO
Cabeçalho tópico ou nome geográfico Amor e Paixão
9 (RLIN) 25
650 #0 - ASSUNTO--TERMO TÓPICO
Cabeçalho tópico ou nome geográfico Infantojuvenil
9 (RLIN) 200
650 #0 - ASSUNTO--TERMO TÓPICO
Cabeçalho tópico ou nome geográfico Filme
9 (RLIN) 26
655 #0 - TERMO DE ÍNDICE--GÊNERO E FORMA
Gênero/forma/ou termo foco Romance
655 #0 - TERMO DE ÍNDICE--GÊNERO E FORMA
Gênero/forma/ou termo foco Ficção
700 ## - ENTRADA ADICIONADA - NOME PESSOAL
Nome pessoal Ruy Jungmann
Função do autor por extenso Tradutor
9 (RLIN) 107
830 ## - ENTRADA SECUNDÁRIA DE SÉRIE--TÍTULO UNIFORME
Título uniforme O diário da princesa
Número do volume ou designação sequencial da série Livro 01
9 (RLIN) 201
942 ## - ELEMENTOS DE ENTRADA ADICIONADOS (KOHA)
Fonte de classificação ou esquema de arquivamento Classificação decimal de Dewey
Ocultar no OPAC Não
Tipo de material Koha Livros
Holdings
Situação do descarte Situação das perdas Fonte de classificação ou esquema de arquivamento Materiais especificados (volume encadernado ou outra parte) Status danificado Não pode ser emprestado Coleção Biblioteca de origem Biblioteca atual Localização na estante Data de aquisição Fonte de aquisição Total de empréstimos Número de chamada completo Código de barras Data de último acesso Data do preço efetivo Tipo de material Koha
    Classificação decimal de Dewey vol. 01     Ficção Biblioteca Professor Eduardo Afonso de Castro Biblioteca Professor Eduardo Afonso de Castro Infanto Juvenil 30.03.2022 doação   IJ 028.5 / C116d 2025-16589 23.01.2025 23.01.2025 Livros

Powered by Koha